Psychologické aspekty možností moderných komunikačných zariadení versus ich reálne využitie v praxi diplomová práca

Gespeichert in:
Bibliographische Detailangaben
1. Verfasser: Ácsová, Timea
Körperschaft: Obchodná fakulta EU. Katedra informatiky obchodných firiem
Weitere Verfasser: Pólya, Attila
Format: Buch
Sprache:Slowakisch
Veröffentlicht: Bratislava 2014
Tags: Tag hinzufügen
Keine Tags, Fügen Sie das erste Tag hinzu!

MARC

LEADER 00000nbm a2200000 4500
001 0186276
005 20170201100011.6
041 0 |a slo 
044 |a SK 
245 1 0 |a Psychologické aspekty možností moderných komunikačných zariadení versus ich reálne využitie v praxi  |b diplomová práca  |c Timea Ácsová ; školiteľ: Attila Pólya 
264 1 |a Bratislava  |c 2014 
300 |a 77 s. 
100 1 |a Ácsová, Timea 
700 1 |a Pólya, Attila 
710 2 |a Obchodná fakulta EU. Katedra informatiky obchodných firiem